Nové zdaňovanie auta pri podnikaní
Nový zákon č. 60/2009 Z. z. Tri možnosti výberu pri účtovaní pohonných hmôt. Štyri pätiny sú na paušál motivačné. Kto nechce zmenu, môže zotrvať v klasike.
Salvato in:
| Natura: | Capitolo di libro |
|---|---|
| Lingua: | slovacco |
| Soggetti: | |
| Tags: |
Nessun Tag, puoi essere il primo ad aggiungerne!!
|
MARC
| LEADER | 00000naa$a2200000$$$4500 | ||
|---|---|---|---|
| 001 | 0095188 | ||
| 005 | 20231006123345.1 | ||
| 041 | 0 | |a slo | |
| 044 | |a SK | ||
| 245 | 1 | 0 | |a Nové zdaňovanie auta pri podnikaní |
| 520 | |a Nový zákon č. 60/2009 Z. z. Tri možnosti výberu pri účtovaní pohonných hmôt. Štyri pätiny sú na paušál motivačné. Kto nechce zmenu, môže zotrvať v klasike. | ||
| 610 | 2 | 0 | |a dane z vozidiel motorových |
| 610 | 2 | 0 | |a novelizácia |
| 610 | 2 | 0 | |a zákony |
| 610 | 2 | 0 | |a podnikanie |